000 01103pam a2200301 a 4500
001 3414868
005 20251008165519.0
008 901003r1991 nyua b 001 0 eng
010 _a 90020526
020 _a087942270X :
_c$59.95
035 _a3414868
082 0 0 _a355.3304,INF
245 0 0 _aInformation technology for command and control :
_bmethods and tools for systems development and evaluation /
_cedited by Stephen J. Andriole, Stanley M. Halpin.
260 _aNew York :
_bIEEE Press,
_cc1991.
300 _avii, 576 p. :
_bill. ;
_c29 cm.
336 _atext
_btxt
_2rdacontent
337 _aunmediated
_bn
_2rdamedia
338 _avolume
_bnc
_2rdacarrier
490 0 _aIEEE Press selected reprint series
650 0 _aCommand and control systems.
650 0 _aManagement
_xCommunication systems.
_9107516
650 0 _aManagement
_xData processing.
_9102900
650 0 _aDecision support systems.
_955659
700 1 _aAndriole, Stephen J.
_9131023
700 1 _aHalpin, Stanley M.
_9131024
710 2 _aIEEE Systems, Man, and Cybernetics Society.
_9131025
942 _2ddc
_cREF
999 _c615127
_d615127